000
00192nam a2200085Ia 4500
008
120527s9999 xx 000 0 und d
100
_a
GINO, Carol
245
_a
Mano puzo the family
942
_c
BK
999
_c
25677
_d
25677